| 000 | 01029nam a2200313 a 4500 | ||
|---|---|---|---|
| 005 | 20200104041532.0 | ||
| 008 | 140305b1999 ck ||||| |||| 00| 0 spa d | ||
| 040 |
_aCO-BoIAVH _cCO-BoIAVH |
||
| 041 | _aspa | ||
| 044 | _ack | ||
| 090 |
_aLB _b02276 |
||
| 110 |
_bCentro de Estudios Ganaderos y Agrícolas _914969 |
||
| 245 |
_aAnálisis de factibilidad y diseño institucional para el desarrollo de cinco núcleos de cultivo de palma de aceite en Tumaco, Nariño _binforme de la consultoria |
||
| 260 |
_aBogotá _bCEGA _c1999 |
||
| 300 | _a73 | ||
| 650 |
_aEstudio de factibilidad _93857 |
||
| 650 |
_aPalma africana de aceite _93882 |
||
| 650 |
_aAgricultura _9304 |
||
| 650 |
_aMedio ambiente _992195 |
||
| 650 |
_aSector agropecuario _941951 |
||
| 650 |
_aMercados _94914 |
||
| 650 |
_aComercio internacional _94456 |
||
| 650 |
_aComercio interno _94462 |
||
| 650 |
_aEconomía _941952 |
||
| 650 |
_aLegislación _941953 |
||
| 650 |
_aPolítica _941954 |
||
| 662 |
_aColombia _dTumaco _bNariño |
||
| 942 |
_cINFORME _2z |
||
| 999 |
_c2461 _d2461 |
||